03450cam a22003258i 450000100090000000300050000900500170001400800410003101000170007202000310008904000350012004200080015505000220016308200220018510000350020724501300024226300090037226400560038130000270043733600260046433700280049033800270051849000240054550400510056950511320062052012140175265000590296665000560302565000430308121192208CSPC20250221172522.0190829s2019 enk bf 001 0 eng  a 2019017625 a9781138342941q(paperback) aLBSOR/DLCbengerdacDLCdCSPC apcc00aHV29.7b.H65 201900a361.06bH537c2231 aHigham, P. E.,d1939-eauthor.10aCommunication and interviewing skills for practice in social work, counselling and the health professions /cPatricia Higham. a1909 1aAbingdon, Oxon ;aNew York, NY :bRoutledge,c2020. ax, 202 pages ;c25 cm. atextbtxt2rdacontent aunmediatedbn2rdamedia avolumebnc2rdacarrier0 aStudent social work aIncludes bibliographical references and index.0 aIntroducing communication and interviewing skills -- The person -- The professional practitioner -- Different communication approaches as essential tools of practice -- Interviewing skills -- A conceptual basis for communicating and interviewing in different practice situations -- Information giving as a form of communication -- Ethical concerns for communication and interviewing -- Communication and interviewing in different organisational contexts -- Communicating with technology, computers, and artificial intelligence -- Communication in different practice situations, including people in crisis, or with mental illness, autism, diabetes, addictions, or obesity, -- Communicating in situations of loss -- Domestic violence and communication -- Communicating with life stories and biographical approaches -- Communicating with older people -- Communicating with people with physical impairments, learning difficulties, and/or anxiety and depression -- Communicating with children and young people -- Professional development to improve communication and interviewing skills -- Summarising the book's content and themes. a"This book supports and develops the communication and interviewing skills of professional practitioners and student practitioners in social work, counselling, and the health professions. Combining work on personal and social constructs, Frankl's search for meaning, and Bronfenbrenner's ecological theory, this book both provides an integrated discussion of practice and presents a balanced approach when discussing psychological, biological, and social influences on individual well-being. Furthermore, it emphasises the influence of social contexts on behaviour and well-being, as well as valuing and encouraging the application of practitioners' prior experience and learning (APEL) to new knowledge and understanding. Containing a range of practice examples to stimulate learning, this book promotes a collaboration between the professions, and welcomes the contributions of people who use services, patients and clients. Communication and Interviewing Skills for Practice in Social Work, Counselling and the Health Professions will be of interest to all undergraduate and postgraduate social work students, as well as new and experienced professional health care practitioners"--cProvided by publisher. 0aCommunication in social workvHandbooks, manuals, etc. 0aCommunication in medicinevHandbooks, manuals, etc. 0aInterviewingvHandbooks, manuals, etc.